Names Within Words - Statistics

General Stats
  • This quiz has been taken 35 times
  • The average score is 16 of 16
Answer Stats
Word Name % Correct
Bartender Bart
100%
Hijack Jack
100%
Skateboard Kate
100%
Fluke Luke
100%
Mattress Matt
100%
Uphill Phil
100%
Gross Ross
100%
Struth Ruth
100%
Theocracy Theo
100%
Strange Ange
97%
Cadaver Dave
97%
Fathom Thom
97%
Scarlet Carl
94%
Enormous Norm
94%
Prosecute Rose
94%
Civilisation Lisa
91%
No matching quizzes found
Score Distribution
Percent of People with Each Score
Percentile by Number Answered
Your Score History
You have not taken this quiz